| 000 | 01091cam a22002651 4500 | ||
|---|---|---|---|
| 001 | gs 24000185 | ||
| 003 | DLC | ||
| 005 | 20260227111328.0 | ||
| 008 | 751211s1923 ncuabde s s000 0 eng | ||
| 010 | _ags 24000185 | ||
| 035 | _a(OCoLC)1892634 | ||
| 040 |
_aDLC _cOT _dDLC |
||
| 042 | _apremarc | ||
| 050 | 0 | 0 |
_aTN403.T4 _bB3 |
| 100 | 1 |
_aBayley, William Shirley, _d1861-1943. |
|
| 245 | 1 | 0 |
_aMagnetic iron ores of East Tennessee and western North Carolina, _c by W. S. Bayley ... |
| 260 |
_a[Chapel Hill] _bNorth Carolina Geological and economic survey, _c 1923. |
||
| 300 |
_a252 p. _billus., XXII pl., maps, plans, tables. _c23 cm. |
||
| 410 | 1 | 0 |
_aNorth Carolina. _bGeological and economic survey. _tBulletin _vno. 32 |
| 500 | _aPrepared by North Carolina Geological and economic survey and the Tennessee Geological survey in cooperation with the U. S. Geological survey. | ||
| 500 | _aAlso issued as: Tennessee. Geological survey. Bulletin 29. | ||
| 650 | 0 |
_aIron ores _zNorth Carolina. |
|
| 650 | 0 |
_aIron ores _zTennessee. |
|
| 710 | 1 |
_aTennessee. _bDivision of Geology. _tBulletin. |
|
| 999 |
_c26326 _d26326 |
||